000 01988cam a22003494a 4500
001 14615761
003 ARRUPE
005 20131121170315.0
008 061030s2007 miu b 001 0 eng
010 _a 2006036404
015 _aGBA714882
_2bnb
016 7 _a013678758
_2Uk
020 _a0802803792 (pbk. : alk. paper)
020 _a9780802803795 (pbk.)
035 _a(OCoLC)ocm76140830
035 _a(OCoLC)76140830
040 _aDLC
_cDLC
_dDLC
050 0 0 _aBS680.E84
_bB74 2007
100 1 _aBrock, Brian,
_d1970-
_93618
245 1 0 _aSinging the ethos of God :
_bon the place of Christian ethics in Scripture /
_cBrian Brock.
260 _aGrand Rapids, Mich. :
_bWilliam B. Eerdmans Pub.,
_c2007.
300 _axxi, 386 p. ;
_c24 cm.
504 _aIncludes bibliographical references (p. 364-374) and indexes.
505 0 _aIntroduction: the problem of estrangement from Scripture in Christian ethics -- Learning about reading the Bible for ethics -- Reading self-consciously : the hermeneutic solution -- Reading together : the communitarian solution -- Focusing reading : the biblical ethics solution -- Reading doctrinally : the biblical theology solution -- Reading as meditation : the exegetical theology solution -- Listening to the saints encountering the ethos of Scripture -- Augustine's ethos of salvific confession -- Luther's ethos of consoling doxology -- Singing the ethos of God -- Ethical exegesis : what have we encountered -- Exploring the place of Christian ethics in Scripture.
650 0 _aEthics in the Bible.
_93619
650 0 _aChristian ethics
_xBiblical teaching.
_93620
650 0 _aChristian ethics.
_93621
856 4 1 _3Table of contents only
_uhttp://www.loc.gov/catdir/toc/ecip074/2006036404.html
906 _a7
_bcbc
_corignew
_d1
_eecip
_f20
_gy-gencatlg
942 _2lcc
_cMONOGRAPH
999 _c118623
_d118623